00933nam a22002537a 4500003000400000005001700004008004100021017004600062020001500108040002400123100003500147245011400182260003000296300002000326504001700346650004200363650003900405650005200444650003400496650002300530942000800553999001500561952010300576OSt20170419174845.0170419s1990 spc|||||| 000 ||spa|d aDL B. 37727-1990bBiblioteca de Catalunya a8434415631 aES-BaCBUbcatcCDMR1 aBastida Freijedo, Francisco J.13aLa Libertad de antena b: el artículo 20 de la CE y el derecho a crear televisión /cFrancisco J. Bastida aBarcelona :bAriel,c1990 a315 p. ;c22 cm aBibliografia07aLlibertat d'informació2lemac91574 4aRadiodifusióxDretzEuropa9385704aTelevisióxDret i legislaciózEspanya9320504aRadiodifusióxDretzEspanya 0aDrets civils93805 cMON c7018d7018 001040708CICaCDMRbCDMRd2017-04-19l0oCIC EF 3/23pCDMR17040009r2017-04-19w2017-04-19yMON